Loading...
Legal fictions
| Main Author: | |
|---|---|
| Format: | Printed Book |
| Language: | English |
| Published: |
California
Stanford university press
1967
|
| Subjects: |
| LEADER | 00483nam a22001577a 4500 | ||
|---|---|---|---|
| 003 | OSt | ||
| 008 | 090717t xxu||||| |||| 00| 0 eng d | ||
| 080 | |a 340.12 |b FUL'67 | ||
| 100 | |a Fuller, Lon L. |9 4413 | ||
| 245 | |a Legal fictions | ||
| 260 | |a California |b Stanford university press |c 1967 | ||
| 300 | |a 142p. | ||
| 653 | |a Jurisprudence | ||
| 942 | |c BK |6 _ | ||
| 999 | |c 188922 |d 188922 | ||
| 952 | |0 0 |1 0 |4 0 |6 34012_FUL67 |7 0 |9 243793 |a SLS |b SLS |d 2009-07-17 |o 340.12 FUL'67 |p SLS004738 |r 2009-07-17 |w 2009-07-17 |y BK | ||